Crisis in Christian teaching in the struggle for justice in Africa : (Record no. 45079)

MARC details
000 -LEADER
fixed length control field 00668nam a22001577a 4500
005 - DATE AND TIME OF LATEST TRANSACTION
control field 20150904153029.0
008 - FIXED-LENGTH DATA ELEMENTS--GENERAL INFORMATION
fixed length control field 150904b xxu||||| |||| 00| 0 eng d
020 ## - INTERNATIONAL STANDARD BOOK NUMBER
International Standard Book Number 2825406414
050 ## - LIBRARY OF CONGRESS CALL NUMBER
Classification number BX1682.Z55
Item number C75 1980
245 ## - TITLE STATEMENT
Title Crisis in Christian teaching in the struggle for justice in Africa :
Remainder of title report of the inter - regional meeting of CCPD networks, held at Harare, Zimbabwe, 4-13 September 1985
Statement of responsibility, etc edited by Pat and Tom Colvin.
260 ## - PUBLICATION, DISTRIBUTION, ETC. (IMPRINT)
Place of publication, distribution, etc Geneva :
Name of publisher, distributor, etc WCC/CCPD : in association with ANCPD and ZCC;
Date of publication, distribution, etc 1980.
300 ## - PHYSICAL DESCRIPTION
Extent 124 p. :
Other physical details ill. ;
Dimensions 21 cm.
650 ## - SUBJECT ADDED ENTRY--TOPICAL TERM
Topical term or geographic name as entry element Christianity and justice
Geographic subdivision Africa.
650 ## - SUBJECT ADDED ENTRY--TOPICAL TERM
Topical term or geographic name as entry element Christian sociology
Geographic subdivision Africa.
942 ## - ADDED ENTRY ELEMENTS (KOHA)
Source of classification or shelving scheme Library of Congress Classification
Item type Book
Holdings
Withdrawn status Lost status Source of classification or shelving scheme Damaged status Not for loan Collection code Home library Current library Shelving location Date acquired Source of acquisition Total Checkouts Full call number Barcode Copy number Price effective from Koha item type
    Library of Congress Classification     Non-fiction Bishop Okullu Memorial Library (Limuru Campus) Bishop Okullu Memorial Library (Limuru Campus) General Circulation 04/09/2015 Donation   BX1682.Z55 C75 1980 044304 1 04/09/2015 Book